PRODUCE 48 - Sudden Death - Statistics

General Stats
  • This quiz has been taken 23 times
  • The average score is 9 of 12
Answers on the Grid
Answers color-coded by a green-red scale on the quiz's grid according to % correct below.
Park Seoyoung
Park Jinny
Kang Hyewon
Kim Choyeon
Kim Nayoung
Kim Dahye
Go Yujin
Lee Yujeong
Yoon Eunbin
Kim Dayeon
Hong Ye-ji
Kim Yubin
Kim Hyunah
Han Chowon
Shin Su-hyun
Kim Doah
Park Haeyoon
Cho Ahyeong
Kim Minseo
Yu Minyoung
Wang Ke
Son Eunchae
Cho Sarang
Won Seoyeon
Park Minji
Park Chanju
Lee Chaejeong
Lee Haeun
Lee Gaeun
Huh Yunjin
Na Goeun
Park Jieun
Jang Won-young
An Yujin
Cho Kahyeon
Jo Yuri
Jang Gyuri
Lee Sian
Bae Eunyeong
Yoon Haesol
Choi Soeun
Kim Minju
Hwang Soyeon
Kang Damin
Lee Chaeyeon
Lee Seunghyeon
Cho Yeongin
Kwon Eunbi
Kim Chaewon
Kim Sohee
Kim Suyun
Choi Yeonsoo
Ahn Yewon
Choi Yena
Kim Sihyeon
Wang Yiren
Alex Christine
Hitomi Honda
Miho Miyazaki
Juri Takahashi
Miyu Takeuchi
Miu Shitao
Moe Goto
Erii Chiba
Mako Kojima
Chiyori Nakanishi
Tomu Muto
Minami Sato
Saho Iwatate
Nanami Asai
Ikumi Nakano
Shinobu Mogi
Erina Oda
Serika Nagano
Manami Ichikawa
Ayana Shinozaki
Sakura Miyawaki
Nako Yabuki
Bibian Murakawa
Misaki Aramaki
Aoi Motomura
Natsumi Matsuoka
Mina Imada
Sae Kurihara
Miku Tanaka
Amane Tsukiashi
Noe Yamada
Rena Hasegawa
Miru Shiroma
Sae Murase
Yuuka Kato
Kokoro Naiki
Cocona Umeyama
Azusa Uemura
Jurina Matsui
Yuka Asai
 
Answer Stats
Answer % Correct
Kang Hyewon
88%
Jo Yuri
82%
An Yujin
71%
Choi Yena
71%
Hitomi Honda
71%
Jang Won-young
71%
Kim Chaewon
71%
Kim Minju
71%
Nako Yabuki
71%
Sakura Miyawaki
71%
Kwon Eunbi
65%
Lee Chaeyeon
65%
No matching quizzes found
Score Distribution
Percent of People with Each Score
Percentile by Number Answered
Your Score History
You have not taken this quiz